| 000 | 00651nam a22002417a 4500 | ||
|---|---|---|---|
| 003 | UA-OsUOA | ||
| 001 | 20539 | ||
| 007 | ta | ||
| 008 | 20031031b un ||||| |||| 00| 0 ukr d | ||
| 100 | _aВидясова М. Ф. | ||
| 090 |
_a911.372(6-17) _bВ42 |
||
| 942 | _cBK | ||
| 040 |
_aUA-OsUOA _brus _cUA-OsUOA _dUA-OsUOA |
||
| 245 |
_aСоциальные структуры доколониального Магриба _bГенезис и типология |
||
| 300 | _a300 с. | ||
| 955 | _a0 | ||
| 041 | _arus | ||
| 080 | _a911.372(6-17) | ||
| 260 |
_aМосква _bНаука _c1987 |
||
| 044 | _aRU | ||
| 650 | 7 | _2UDC | |
| 999 |
_c306718 _d306718 |
||